000 00338nam a2200121Ia 4500
008 241028s9999 xx 000 0 und d
041 _aeng
082 _a005.7 KUM
100 _aKumar Gayathri
245 _aBlockchain, Big Data And Machine Learning Trends And Applications
260 _bCrc Press
_aLondon
_c2020
300 _a345;. P. 24 cm
999 _c42767
_d42767